=LDR 00000nam 2200000 4500 =001 INLIS000000000049687 =005 20170316083458.0 =006 =007 =008 =035 ##$$0010-031700000000132 =040 ##$$a NBPDMAT =082 ##$$a 700 =084 ##$$a 700 ind a =100 ##$$a Indri Resmining F =245 ##$$a Artefak : $b wujud kebudayaan dan kehidupan masyarakat / $c Indri Resmining F =260 ##$$a Surakarta : $b Aryhaeko Sinergi Persada, $c 2014 =300 ##$$a II, 116 hlm . : $b ilus , ; $c 21 cm =500 ##$$a Biliografi : hlm. 116 =650 ##$$a Artefak